The ex wives of Henri VIII - Statistics

General Stats
  • This quiz has been taken 77 times
  • The average score is 4 of 6
Answer Stats
Hint Answer % Correct
2 Anne Boleyn
96%
1 Catherine of Aragon
85%
6 Catherine Parr
68%
5 Katherine Howard
62%
4 Anna of Cleves
56%
3 Jeanne Seymour
25%
No matching quizzes found
Score Distribution
Percent of People with Each Score
Percentile by Number Answered
Your Score History
You have not taken this quiz